Records of Han Administration : (Record no. 618165)

MARC details
000 -LEADER
fixed length control field 00500nam a2200193 a 4500
008 - FIXED-LENGTH DATA ELEMENTS--GENERAL INFORMATION
fixed length control field 260330s2002##################000#0#eng##
020 ## - INTERNATIONAL STANDARD BOOK NUMBER
ISBN 9780700713752
082 04 - DEWEY DECIMAL CLASSIFICATION NUMBER
Classification number 351.51
Item number LOE.2
100 1# - MAIN ENTRY--AUTHOR NAME
Personal name Loewe, Michael,
245 10 - TITLE STATEMENT
Title Records of Han Administration :
260 ## - PUBLICATION, DISTRIBUTION, ETC. (IMPRINT)
Name of publisher Psychology Press,
Year of publication 2002.
300 ## - PHYSICAL DESCRIPTION
Number of Pages 582 pages
650 #0 - SUBJECT ADDED ENTRY--TOPICAL TERM
Topical Term History.
942 ## - ADDED ENTRY ELEMENTS (KOHA)
Koha item type English Books
Holdings
Withdrawn status Lost status Damaged status Not for loan Home library Current library Shelving location Date acquired Full call number Accession Number Price effective from Koha item type
        Anna Centenary Library Anna Centenary Library 4TH FLOOR, A WING 30.03.2026 351.51 LOE.2 169724 30.03.2026 English Books
        Anna Centenary Library Anna Centenary Library 4TH FLOOR, A WING 30.03.2026 351.51 LOE.1 169723 30.03.2026 English Books

Find us on the map